[Event "Lagan Spring IM"]
[Site "Lagan"]
[Date "2019.04.03"]
[Round "5"]
[White "Pilavov, Georgy"]
[Black "Hudyakov, Sergey"]
[Result "1-0"]
[WhiteElo "2611"]
[BlackElo "2067"]
[PlyCount "41"]
[EventDate "2019.04.01"]
[EventType "tourn"]
[EventRounds "9"]
[EventCountry "RUS"]
[EventCategory "2"]
[SourceTitle "CBM 189 Extra"]
[Source "ChessBase"]
[SourceDate "2019.06.03"]
[SourceVersion "1"]
[SourceVersionDate "2019.06.03"]
[SourceQuality "1"]

1. e4 e5 2. Nf3 Nc6 3. Nc3 Nf6 4. Bb5 Bb4 5. 0-0 0-0 6. Bxc6 dxc6 7. d3 Re8 8. Ne2 Bg4 9. Ng3 Qd7 10. h3 Bxf3 11. Qxf3 Rad8 12. Nf5 Qe6 13. Bg5 Kh8 14. Qg3 Rg8 15. Qh4 Be7 16. f4 exf4 17. Nxe7 Qxe7 18. Rxf4 Rd6 19. Raf1 c5 20. Rxf6 Rxf6 21. Rxf6 1-0

[Event "Lagan Spring IM"]
[Site "Lagan"]
[Date "2019.04.01"]
[Round "2"]
[White "Strebkovs, Andrejs"]
[Black "Hudyakov, Sergey"]
[Result "1-0"]
[WhiteElo "2262"]
[BlackElo "2067"]
[PlyCount "77"]
[EventDate "2019.04.01"]
[EventType "tourn"]
[EventRounds "9"]
[EventCountry "RUS"]
[EventCategory "2"]
[SourceTitle "CBM 189 Extra"]
[Source "ChessBase"]
[SourceDate "2019.06.03"]
[SourceVersion "1"]
[SourceVersionDate "2019.06.03"]
[SourceQuality "1"]

1. Nf3 g6 2. g3 Bg7 3. Bg2 e5 4. 0-0 d5 5. d3 Ne7 6. c4 c6 7. Nc3 0-0 8. Qb3 d4 9. Ne4 f5 10. Nc5 Qb6 11. Qa3 Qc7 12. Ng5 Qd6 13. Nce6 Qxa3 14. bxa3 h6 15. Nc7 hxg5 16. Bxg5 Kf7 17. Nxa8 Na6 18. Rab1 Bf6 19. Bxf6 Kxf6 20. f4 Nc5 21. fxe5+ Kxe5 22. Rbe1 Bd7 23. e3 Ng8 24. exd4+ Kxd4 25. Rf4+ Kxd3 26. Bf1+ Kd2 27. Re2+ Kc3 28. Rf3+ Kd4 29. Rd2+ Ke4 30. Rff2 Ke5 31. Rfe2+ Kf6 32. Nc7 Rc8 33. Rd6+ Kg5 34. h4+ Kh6 35. Re5 Rxc7 36. Rxc5 Ne7 37. Re5 Nc8 38. Rd2 Kg7 39. c5 1-0

[Event "EU-ch 15th"]
[Site "Yerevan"]
[Date "2014.03.07"]
[Round "5"]
[White "Ben Artzi, Ido"]
[Black "Hudyakov, Sergey"]
[Result "1/2-1/2"]
[WhiteElo "2370"]
[BlackElo "2107"]
[PlyCount "84"]
[EventDate "2014.03.03"]
[EventType "swiss"]
[EventRounds "11"]
[EventCountry "ARM"]
[SourceTitle "CBM 160"]
[Source "ChessBase"]
[SourceDate "2014.05.15"]
[SourceVersion "1"]
[SourceVersionDate "2014.05.15"]
[SourceQuality "1"]

1. d4 e6 2. c4 Nf6 3. Nc3 Bb4 4. e3 b6 5. Bd3 Bb7 6. Nf3 Ne4 7. 0-0 Bxc3 8. bxc3 f5 9. Qc2 0-0 10. Nd2 Qh4 11. d5 exd5 12. cxd5 Bxd5 13. c4 Bb7 14. f3 Nd6 15. Bb2 Na6 16. Nb3 Qh6 17. Qd2 Rae8 18. Rae1 Qg5 19. a3 Re7 20. Qc2 c5 21. Kh1 Nc7 22. Qf2 Ba6 23. Nd2 Nd5 24. Be5 Qh6 25. Qg3 Nf7 26. f4 Nxe5 27. fxe5 Qc6 28. Qf3 Rxe5 29. e4 Nf6 30. exf5 Qc8 31. Qg3 Rxe1 32. Rxe1 Qb8 33. Qh4 Bb7 34. Ne4 Qe5 35. Nxf6+ Qxf6 36. Qg3 Bc6 37. h3 Qd4 38. Re7 Qf6 39. Qe3 Qh4 40. Kh2 Qf6 41. Kh1 Qa1+ 42. Kh2 Qf6 1/2-1/2

[Event "Dvorkovich Memorial op"]
[Site "Taganrog"]
[Date "2014.01.18"]
[Round "1"]
[White "Hudyakov, Sergey"]
[Black "Kharchenko, Boris"]
[Result "1/2-1/2"]
[WhiteElo "2094"]
[BlackElo "2494"]
[PlyCount "81"]
[EventDate "2014.01.18"]
[EventType "swiss"]
[EventRounds "9"]
[EventCountry "RUS"]
[SourceTitle "CBM 158 Extra"]
[Source "ChessBase"]
[SourceDate "2014.02.28"]
[SourceVersion "1"]
[SourceVersionDate "2014.02.28"]
[SourceQuality "1"]

1. d4 Nf6 2. c4 e6 3. Nc3 Bb4 4. Qc2 b6 5. a3 Bxc3+ 6. Qxc3 Bb7 7. Bg5 h6 8. Bh4 g5 9. Bg3 Ne4 10. Qc2 d6 11. e3 Nd7 12. f3 Nxg3 13. hxg3 Qe7 14. g4 c5 15. Bd3 cxd4 16. exd4 d5 17. cxd5 Bxd5 18. Ne2 Nf6 19. Rc1 Kf8 20. Qc7 Qxc7 21. Rxc7 a5 22. Kf2 Kg7 23. Rhc1 h5 24. gxh5 Rxh5 25. Rc8 Rxc8 26. Rxc8 Rh8 27. Rxh8 Kxh8 28. Nc3 Bc6 29. Ne4 Nxe4+ 30. fxe4 Kg7 31. g3 f6 32. Ke3 Kf7 33. b4 Ke7 34. Bc4 Kd6 35. Bd3 e5 36. Bc4 Bd7 37. Bb3 f5 38. exf5 Bxf5 39. Bc4 Bd7 40. Bb3 Bf5 41. Bc4 1/2-1/2

[Event "Stavropol Region-ch"]
[Site "Kislovodsk"]
[Date "2011.09.15"]
[Round "6"]
[White "Hudyakov, Sergey"]
[Black "Lyahov, Pavel"]
[Result "0-1"]
[WhiteElo "2140"]
[BlackElo "2094"]
[PlyCount "60"]
[EventDate "2011.09.09"]
[EventType "swiss"]
[EventRounds "9"]
[EventCountry "RUS"]
[SourceTitle "EXT 2022"]
[Source "ChessBase"]
[SourceDate "2021.10.06"]
[SourceVersion "1"]
[SourceVersionDate "2021.10.06"]
[SourceQuality "1"]

1. c4 Nf6 2. Nc3 e6 3. e4 d5 4. e5 d4 5. exf6 dxc3 6. bxc3 Qxf6 7. d4 Nd7 8. Nf3 Qd8 9. Bd3 Be7 10. 0-0 0-0 11. Qe2 Nf6 12. Ne5 c5 13. Rd1 Qa5 14. Qf3 Rd8 15. g4 h6 16. h4 cxd4 17. cxd4 Rxd4 18. Bb2 Qxe5 19. Bxd4 Qc7 20. g5 hxg5 21. hxg5 Nh7 22. g6 fxg6 23. Bxg6 Ng5 24. Qe3 e5 25. Qg3 Nh3+ 26. Kh2 Nf4 27. Bb2 Qb6 28. Bxe5 Nxg6 29. Rg1 Bf5 30. Rae1 Bh4 0-1

[Event "Stavropol Region-ch"]
[Site "Kislovodsk"]
[Date "2011.09.14"]
[Round "5"]
[White "Terentiev, Daniil"]
[Black "Hudyakov, Sergey"]
[Result "0-1"]
[WhiteElo "2020"]
[BlackElo "2140"]
[PlyCount "98"]
[EventDate "2011.09.09"]
[EventType "swiss"]
[EventRounds "9"]
[EventCountry "RUS"]
[SourceTitle "EXT 2022"]
[Source "ChessBase"]
[SourceDate "2021.10.06"]
[SourceVersion "1"]
[SourceVersionDate "2021.10.06"]
[SourceQuality "1"]

1. e4 e6 2. d4 d5 3. exd5 exd5 4. Bd3 Bd6 5. Nf3 Ne7 6. 0-0 0-0 7. Bg5 f6 8. Bh4 Bf5 9. Re1 Bg6 10. Bg3 Bxg3 11. hxg3 Nbc6 12. c3 Qd7 13. Bxg6 Nxg6 14. Qd3 Nce7 15. Nbd2 Nf5 16. Re2 Rfe8 17. Rae1 Rxe2 18. Rxe2 b6 19. b3 a5 20. a4 Nd6 21. Nf1 b5 22. Ra2 c6 23. Ne3 Ne7 24. Nd2 Qb7 25. Rc2 Rb8 26. Rc1 Nec8 27. Ra1 Qa7 28. Nf5 g6 29. Ne3 Kg7 30. Rb1 Ne7 31. Ra1 Rb7 32. Ng4 Nef5 33. Re1 Re7 34. Ne3 Kf7 35. Kf1 Nxe3+ 36. Rxe3 Rxe3 37. fxe3 Qe7 38. Kf2 Qe6 39. Qc2 Qg4 40. axb5 cxb5 41. Qa2 Qd1 42. g4 h6 43. g3 Ke6 44. Nf3 Ne4+ 45. Kg2 Qd3 46. Ng1 Qxe3 47. Ne2 Qf2+ 48. Kh3 Ng5+ 49. Kh4 Qh2# 0-1

[Event "Samara Polugaevsky Memorial 1st"]
[Site "Samara"]
[Date "2011.07.08"]
[Round "4"]
[White "Hudyakov, Sergey"]
[Black "Maletin, Pavel"]
[Result "0-1"]
[WhiteElo "2179"]
[BlackElo "2575"]
[PlyCount "56"]
[EventDate "2011.07.05"]
[EventType "swiss"]
[EventRounds "9"]
[EventCountry "RUS"]
[SourceTitle "CBM 143 Extra"]
[Source "ChessBase"]
[SourceDate "2011.08.29"]
[SourceVersion "1"]
[SourceVersionDate "2011.08.29"]
[SourceQuality "1"]

1. d4 Nf6 2. Nf3 e6 3. e3 b6 4. Bd3 Bb7 5. Nbd2 c5 6. c3 Nc6 7. 0-0 Qc7 8. a3 d5 9. Re1 Be7 10. h3 0-0 11. dxc5 bxc5 12. e4 Rad8 13. e5 Nd7 14. Nf1 Ndxe5 15. Nxe5 Nxe5 16. Bf4 f6 17. Qh5 g6 18. Qg4 Bd6 19. Qxe6+ Kg7 20. Bxe5 fxe5 21. Bc2 e4 22. Qg4 Rf4 23. Qd1 Rdf8 24. Re2 Ba6 25. Rd2 Bxf1 26. Kxf1 e3 27. Rxd5 Rxf2+ 28. Kg1 e2 0-1

[Event "Samara Polugaevsky Memorial 1st"]
[Site "Samara"]
[Date "2011.07.07"]
[Round "3"]
[White "Makarov, Yuri A"]
[Black "Hudyakov, Sergey"]
[Result "0-1"]
[WhiteElo "2008"]
[BlackElo "2179"]
[PlyCount "48"]
[EventDate "2011.07.05"]
[EventType "swiss"]
[EventRounds "9"]
[EventCountry "RUS"]
[SourceTitle "CBM 143 Extra"]
[Source "ChessBase"]
[SourceDate "2011.08.29"]
[SourceVersion "1"]
[SourceVersionDate "2011.08.29"]
[SourceQuality "1"]

1. d4 d5 2. c4 c6 3. Nc3 Nf6 4. e3 e6 5. Nf3 Nbd7 6. Qc2 Bd6 7. b3 0-0 8. Bd3 dxc4 9. bxc4 e5 10. 0-0 Re8 11. Bb2 h6 12. h3 Qe7 13. Nd2 Bc7 14. Nce4 Nxe4 15. Bxe4 Nf6 16. Bd3 e4 17. Be2 Qd6 18. f4 exf3 19. Nxf3 Qg3 20. Bd3 Rxe3 21. Bf5 Bxf5 22. Qd2 Bxh3 23. Qf2 Rxf3 24. Qxg3 Rxg3 0-1

[Event "Stavropol Region-ch"]
[Site "Kislovodsk"]
[Date "2010.09.26"]
[Round "9"]
[White "Rozhko, Mariya"]
[Black "Hudyakov, Sergey"]
[Result "1/2-1/2"]
[WhiteElo "2073"]
[BlackElo "2201"]
[PlyCount "74"]
[EventDate "2010.09.18"]
[EventType "swiss"]
[EventRounds "9"]
[EventCountry "RUS"]
[SourceTitle "EXT 2022"]
[Source "ChessBase"]
[SourceDate "2021.10.06"]
[SourceVersion "1"]
[SourceVersionDate "2021.10.06"]
[SourceQuality "1"]

1. d4 Nf6 2. Nf3 g6 3. Bg5 Ne4 4. Bf4 Bg7 5. Nbd2 Nxd2 6. Qxd2 d6 7. e4 Bg4 8. Be2 Nd7 9. 0-0 0-0 10. h3 Bxf3 11. Bxf3 e5 12. Bg5 Bf6 13. Be3 exd4 14. Bxd4 Bxd4 15. Qxd4 Qh4 16. Be2 Rfe8 17. f4 Qf6 18. e5 Qe7 19. Bg4 Nb6 20. exd6 cxd6 21. f5 d5 22. fxg6 hxg6 23. Rf2 Qe5 24. Qxe5 Rxe5 25. c3 Nc4 26. Bf3 Ne3 27. Re1 Rae8 28. Rfe2 f5 29. Bxd5+ Rxd5 30. Rxe3 Rxe3 31. Rxe3 Rd2 32. b4 Rxa2 33. Re7 b5 34. Rc7 a6 35. h4 f4 36. Kf1 Kf8 37. Kg1 Kg8 1/2-1/2

[Event "Yuzhny FO-ch op"]
[Site "Armavir"]
[Date "2010.03.??"]
[Round "6"]
[White "Hudyakov, Sergey"]
[Black "Inozemtsev, Arsen"]
[Result "1-0"]
[WhiteElo "2196"]
[BlackElo "2128"]
[PlyCount "119"]
[EventDate "2010.03.??"]
[EventType "swiss"]
[EventRounds "9"]
[EventCountry "RUS"]
[SourceTitle "CBM 135 Extra"]
[Source "ChessBase"]
[SourceDate "2010.05.04"]
[SourceVersion "1"]
[SourceVersionDate "2010.05.04"]
[SourceQuality "1"]

1. d4 Nf6 2. c4 e6 3. Nc3 d5 4. cxd5 exd5 5. Bg5 Be7 6. e3 c6 7. Qc2 h6 8. Bh4 0-0 9. Bd3 Re8 10. Nf3 Nbd7 11. 0-0 Ne4 12. Bxe7 Qxe7 13. Bxe4 dxe4 14. Nd2 Nf6 15. Rfc1 Bf5 16. Ne2 Nd5 17. Qc5 Qg5 18. Nf1 Re6 19. Nfg3 Bg6 20. Nc3 b6 21. Qc4 h5 22. Nxd5 cxd5 23. Qc7 Re7 24. Qd6 Re6 25. Qd7 Re7 26. Rc8+ Kh7 27. Qd8 Rxc8 28. Qxc8 h4 29. Ne2 Bf5 30. Qd8 Bh3 31. Nf4 Bxg2 32. Qxd5 f5 33. h3 Bxh3+ 34. Kh2 Bg4 35. Rc1 Qf6 36. Rc8 Rf7 37. Rc6 Qe7 38. Ng6 Qe8 39. Ne5 Rf6 40. Rc7 Bf3 41. Rd7 Qe6 42. Qxe6 Rxe6 43. Rxa7 Kh6 44. a4 Be2 45. b4 g5 46. Rf7 Re8 47. Rf6+ Kh5 48. Rxb6 Rc8 49. Rc6 Rb8 50. b5 g4 51. Nf7 g3+ 52. fxg3 Rb7 53. Rh6+ Kg4 54. Ne5+ Kg5 55. Rg6+ Kh5 56. Rf6 Kg5 57. Rf7 Rb8 58. Rg7+ Kh6 59. Rf7 hxg3+ 60. Kxg3 1-0

[Event "Voronezh op-A 13th"]
[Site "Voronezh"]
[Date "2009.06.20"]
[Round "9"]
[White "Matinian, Nikita"]
[Black "Hudyakov, Sergey"]
[Result "1-0"]
[WhiteElo "2369"]
[BlackElo "2234"]
[PlyCount "53"]
[EventDate "2009.06.12"]
[EventType "swiss"]
[EventRounds "9"]
[EventCountry "RUS"]
[SourceTitle "CBM 130 Extra"]
[Source "ChessBase"]
[SourceDate "2009.07.02"]
[SourceVersion "2"]
[SourceVersionDate "2009.07.15"]
[SourceQuality "1"]

1. Nf3 d5 2. c4 c6 3. b3 Bf5 4. d3 Nf6 5. Bb2 e6 6. g3 Be7 7. Bg2 0-0 8. 0-0 h6 9. Nbd2 Nbd7 10. Re1 Bh7 11. Qc2 Qb6 12. Rac1 a5 13. a3 Bc5 14. e3 Be7 15. e4 dxe4 16. dxe4 Rfd8 17. Re2 Nc5 18. Ne5 Rd6 19. Bc3 Rad8 20. Re3 Nfd7 21. Nxd7 R6xd7 22. b4 axb4 23. axb4 Na6 24. c5 Qc7 25. Nc4 Nxc5 26. bxc5 Bxc5 27. Re2 1-0

[Event "Voronezh op-A 13th"]
[Site "Voronezh"]
[Date "2009.06.15"]
[Round "4"]
[White "Hudyakov, Sergey"]
[Black "Gorshkov, Yuri"]
[Result "0-1"]
[WhiteElo "2234"]
[BlackElo "2380"]
[PlyCount "97"]
[EventDate "2009.06.12"]
[EventType "swiss"]
[EventRounds "9"]
[EventCountry "RUS"]
[SourceTitle "CBM 130 Extra"]
[Source "ChessBase"]
[SourceDate "2009.07.02"]
[SourceVersion "2"]
[SourceVersionDate "2009.07.15"]
[SourceQuality "1"]

1. d4 Nf6 2. c4 g6 3. Nc3 Bg7 4. e4 0-0 5. Be2 d6 6. Nf3 e5 7. 0-0 Nc6 8. d5 Ne7 9. Ne1 Nd7 10. Be3 f5 11. f3 f4 12. Bf2 g5 13. Rc1 Rf6 14. Nd3 Rh6 15. Nb5 b6 16. c5 bxc5 17. b4 a6 18. Na3 Qe8 19. Kh1 Nf6 20. bxc5 g4 21. fxg4 Nxe4 22. Bf3 Ng3+ 23. Bxg3 fxg3 24. h3 Qg6 25. Rc4 Bd7 26. c6 Be8 27. Nc2 Qg5 28. Qc1 Bf6 29. Ne3 Bg6 30. Be4 Rb8 31. Rf3 Rb5 32. a4 Rb8 33. Qe1 Rb3 34. Qd1 Ra3 35. Qb1 Kf7 36. Nf1 Qxg4 37. Rxg3 Rxh3+ 38. gxh3 Bxe4+ 39. Kg1 Qe2 40. Rc2 Rxd3 41. Rg2 Qh5 42. Rce2 Qxe2 43. Rxe2 Rg3+ 44. Nxg3 Bxb1 45. Rb2 Bd3 46. Rb3 e4 47. Rb7 Nxd5 48. Nf5 Ke6 49. Ne3 0-1